| 000 | 00610cam a22002171 4500 | ||
|---|---|---|---|
| 001 | sa 68016107 | ||
| 003 | DLC | ||
| 005 | 20260227112652.0 | ||
| 008 | 890127s1966 io 000 0 ind | ||
| 010 | _asa 68016107 | ||
| 035 | _a(OCoLC)23574673 | ||
| 040 |
_aDLC _cMiU _dDLC |
||
| 042 | _apremarc | ||
| 050 | 0 | 0 |
_aHN37.C3 _bS45 1966 |
| 111 | 2 |
_aSeminar Sosial Rochaniwan/Rochaniwati _d(1966 : _cBandung and Djakarta) |
|
| 245 | 1 | 0 | _aBuku laperan. |
| 260 |
_a[Bandung? _c1966?] |
||
| 300 |
_a328 p. _c22 cm. |
||
| 500 | _aCover title. | ||
| 650 | 0 |
_aChurch and social problems _xCatholic Church _vCongresses. |
|
| 999 |
_c86915 _d86915 |
||